LEADER 00944nam a2200241 i 4500 001 000000259028 003 CaOOAMICUS 005 20180627000000.0 008 180627s1951 it u000 u ita u 013 $a237936 040 $aSeMil$bita 100 1 $aMounier, Emmanuel,$d<1905-1950>.$0(OLS)http://semarc/name/1147 245 12$aL'avventura cristiana /$cEmmanuel Mounier. 260 $aFirenze :$bLibreria Editrice Fiorentina,$cstampa 1951. 300 $a111 p. ;$c19 cm. 490 0 $a20. secolo ;$v1 650 4$aCristianesimo.$0(OLS)http://semarc/subject/425 830 0$a20. secolo ;$v1.$0(OLS)http://semarc/title/400627 850 $aSeMil 852 $aSeMil$W1$xVenegono$y1$m2P I 873$j209373$B209373$CSeMilBibl$Z2$F223149 $81 961 $aLascito: Villa mons. Luigi 996 $6245$aL'avventura cristiana$9(OLS)http://semarc/title/413878 996 $6260$aFirenze :$bLibreria Editrice Fiorentina$9(OLS)http://semarc/publisher/30629 LEADER 01110nam a2200265 i 4500 001 000000064448 003 CaOOAMICUS 005 20120710000000.0 008 120710s1977 it u000 u ita u 013 $a35620 040 $aSeMil$bita 100 1 $aMaggiolini, Alessandro .$0(OLS)http://semarc/name/7299 245 13$aIl matrimonio, la verginità /$cSandro Maggiolini ; prefazione del card. Giovanni Benelli. 260 $aMilano :$bAres,$c1977. 300 $a313 p. ;$c20 cm. 490 0 $aFaretra : riflessioni su temi fondamentali ;$v4 650 4$aVerginità.$0(OLS)http://semarc/subject/6547 650 4$aMatrimonio.$0(OLS)http://semarc/subject/833 700 1 $aBenelli, Giovanni .$0(OLS)http://semarc/name/32487 830 0$aFaretra ;$v4.$0(OLS)http://semarc/title/13588 850 $aSeMil 852 $aSeMil$W1$xVenegono$y1$m2E III 291$j30601$B30601$CSeMilBibl$Z2$F30604 $81 961 $aOmaggio: Donazione 996 $6245$aIl matrimonio, la verginità$9(OLS)http://semarc/title/102039 996 $6260$aMilano :$bAres$9(OLS)http://semarc/publisher/30250